| 000 | 00403nam a22001457a 4500 | ||
|---|---|---|---|
| 082 |
_aP-191 _bP-191 |
||
| 100 |
_aAfzaal Malik, Syndicate No 2 _948217 |
||
| 245 |
_aComputer program for design of cantilever retaining wall _cAfzaal Malik, Azhar Ali |
||
| 260 | _c2008 | ||
| 300 | _a145 P, : | ||
| 526 |
_a0 _b0 _c0 _dP_191_P191 |
||
| 650 | _aProject | ||
| 700 |
_aTahir Kibriya _947918 |
||
| 942 |
_2ddc _cBK |
||
| 999 |
_c551223 _d551223 |
||